00480nam a2200157Ia 4500008004100000020001800041082001600059100004500075245003200120250000700152260004200159300003100201500001900232600002100251650005000272240925s9999 xx 000 0 und d a9789332569713 a005.133 DON aDonovan, Alan A. A.; Kernighan, Brian W. 4aThe Go Programming Language aNA aNew Delhi:bPearson Educationc,2016. aVarious pagesb0fOriginal aIncludes Index aComputer Science aComputer science, information & general works